LEADER 01352nam a2200277 a 4500 001 000000156344 003 CaOOAMICUS 005 20161116123511.0 008 161116s1978 sz u000 u ger r 032 $aLibriCat 040 $aPUL$bita 100 1 $aStaub, Adelrich.$0(OLS)http://pul/name/99642 245 14$aDie exegetische Methode des Hieronymus im Kommentar zum Zwölfprophetenbuch : $beruditio saeculi und scientia scripturarum / $cAdelrich Staub . 260 $aUznach :$b[s.n.],$c1978. 300 $axxiv, 289 p. ;$c23 cm. 502 $aEstratto di Tesi -- Pontificium Athenaeum S. Anselmi, Facultate Theologica. 504 $aBibliografia in nota a piè pagina. 600 04$aHieronymus,$cs.,$d342/347-419.$0(OLS)http://pul/subject/3532 710 2 $aPontificio ateneo S. Anselmo.$bFacoltà di teologia.$kTesi.$0(OLS)http://pul/name/82348 850 $aPUL 852 $aPUL$W1$xDP1 Tesi Pon. At. S. Anselmo$y29$mTH ANS 203$j179567$qTesi$B182738$CPULBib$Z2$F182738 $H45926 $82 941 1 $a16 960 $aGirolamo,$cs.,$d342/347-419$93532 996 $6245$aDie exegetische Methode des Hieronymus im Kommentar zum Zwölfprophetenbuch : $beruditio saeculi und scientia scripturarum / $9(OLS)http://pul/title/195960 996 $6260$aUznach :$b[s.n.]$9(OLS)http://pul/publisher/85640 LEADER 01339nam a2200337 u 4500 001 000000041735 003 CaOOAMICUS 005 20070226114240.0 008 990210s1969 it u000 u ita u 035 $a10813784 040 $aPUL(R)$bita 041 1 $aita$heng 100 1 $aPowers, Joseph M.,$cS.I.,$d1926-2000.$0(OLS)http://pul/name/30708 240 10$aEucharistic theology.$lItaliano.$0(OLS)http://pul/title/56320 245 10$aTeologia eucaristica /$cJoseph M. Powers ; editoriale di Eliseo Ruffini ; traduzione dall'inglese di Mario Sassatelli. 260 $aBrescia :$bQueriniana,$c1969. 300 $a237 p. ;$c20 cm 490 1 $aGiornale di teologia ;$v34 650 4$aEucaristia.$0(OLS)http://pul/subject/1539 700 1 $aRuffini, Eliseo,$d1924-$0(OLS)http://pul/name/12775 700 1 $aSassatelli, Mario.$0(OLS)http://pul/name/30697 830 0$aGiornale di teologia ;$v34.$0(OLS)http://pul/title/9027 850 $aPUL 852 $aPUL$W1$xSL Religione 3$y85$m200 GDT 1.34$j56499$nBK-PRI$qDDC 21$B56499$CPULBib$Z2$F56499 $82 941 1 $a9 960 $aEucarestia$91539 960 $aComunione (sacramento)$91539 961 $aINV: 32219 983 0$aGdT. 996 $6245$aTeologia eucaristica$9(OLS)http://pul/title/56321 996 $6260$aBrescia :$bQueriniana$9(OLS)http://pul/publisher/47906